| 000 | 00391nam a22001457a 4500 | ||
|---|---|---|---|
| 082 |
_a510 _bREE _cL-3,P-13 |
||
| 100 |
_aREEVE WILLIAM D. _938891 |
||
| 245 | _aPractical Mathematics Refresher | ||
| 250 | _a1st | ||
| 260 |
_aUSA _bMc Graw-Hill Book Company _c1955 |
||
| 526 |
_a0 _b0 _c0 _d510_000000000000000_REE |
||
| 650 |
_aMCE _9379 |
||
| 700 |
_aWILLIAM D. REEVE _938892 |
||
| 942 |
_2ddc _cBK |
||
| 999 |
_c543510 _d543510 |
||